[Event "Open SSM A Agosto"]
[Site "Milano ITA"]
[Date "2014.08.03"]
[Round "7"]
[White "Nicolo', Filippo"]
[Black "Pelizzola, Danilo"]
[WhiteElo "2066"]
[BlackElo "2106"]
[Result "1-0"]
[PlyCount "69"]
[EventDate "2014.07.29"]

1. e4 e5 2. Nf3 Nc6 3. Bc4 Bc5 4. c3 Nf6 5. d3 d6 6. Nbd2 O-O 7. Bb3 a6 8. h3
Qe7 9. Nf1 h6 10. g4 Nh7 11. Ng3 Be6 12. Nf5 Qd7 13. Be3 Bxe3 14. Nxe3 g6 15.
Qd2 Kg7 16. Rg1 Bxb3 17. axb3 Ne7 18. Nf5+ Nxf5 19. gxf5 Qe7 20. h4 Rh8 21.
O-O-O c5 22. fxg6 fxg6 23. h5 g5 24. Nh4 Qf6 25. Nf5+ Kf7 26. d4 Rhd8 27. Rg3
Kg8 28. dxc5 dxc5 29. Rd3 Rxd3 30. Qxd3 Kh8 31. Qd7 Qf8 32. Rd6 Nf6 33. Qe6 Ng4
34. f3 Re8 35. Qd7 1-0

[Event "Open SSM A Agosto"]
[Site "Milano ITA"]
[Date "2014.08.03"]
[Round "7"]
[White "Prevedello, Daniele"]
[Black "Bisignano, Giuseppe"]
[WhiteElo "1860"]
[BlackElo "1872"]
[Result "1-0"]
[PlyCount "85"]
[EventDate "2014.07.29"]

1. d4 Nf6 2. c4 g6 3. Nc3 Bg7 4. e4 d6 5. f3 O-O 6. Be3 c6 7. Qd2 e5 8. d5 c5
9. Nge2 Na6 10. Nc1 Nc7 11. Nd3 Bd7 12. Be2 a6 13. b4 b6 14. O-O Nfe8 15. a4
cxb4 16. Nxb4 Rb8 17. Rfb1 a5 18. Nd3 Na6 19. Rb2 Nc5 20. Rab1 Qc7 21. Nb5 Bxb5
22. Rxb5 Nf6 23. Qb2 Nfd7 24. Nxc5 Nxc5 25. Bxc5 dxc5 26. Rxb6 Rxb6 27. Qxb6
Qxb6 28. Rxb6 f5 29. Rb5 fxe4 30. fxe4 Bh6 31. Bf3 Be3+ 32. Kf1 Ra8 33. Ke2 Bd4
34. d6 Rd8 35. Rb6 h5 36. g4 Kg7 37. gxh5 gxh5 38. Bxh5 Kf6 39. d7+ Ke7 40. Be8
Ra8 41. h4 Kf8 42. Rc6 Rd8 43. h5 1-0

[Event "Open SSM B Agosto"]
[Site "Milano ITA"]
[Date "2014.07.29"]
[Round "1"]
[White "Conta, Diego"]
[Black "Verderame, Alberto"]
[WhiteElo "1669"]
[BlackElo "1481"]
[Result "1-0"]
[PlyCount "39"]
[EventDate "2014.07.29"]

1. e4 d6 2. d4 Nf6 3. Nc3 c6 4. Be2 e6 5. Nf3 d5 6. e5 Nfd7 7. O-O Be7 8. a3 b6
9. Bf4 Ba6 10. b4 Bxe2 11. Qxe2 c5 12. bxc5 bxc5 13. Nb5 cxd4 14. Nbxd4 a6 15.
c4 Qa5 16. Bd2 Qc5 17. Rfc1 O-O 18. Bb4 Qa7 19. Bxe7 Re8 20. Bd6 1-0

[Event "Open SSM B Agosto"]
[Site "Milano ITA"]
[Date "2014.01.29"]
[Round "1"]
[White "Madaschi, Sergio"]
[Black "Casamassima, Paolo"]
[WhiteElo "1487"]
[BlackElo "1671"]
[Result "0-1"]
[PlyCount "120"]
[EventDate "2014.07.29"]

1. e4 c5 2. Nf3 Nc6 3. d4 cxd4 4. Nxd4 e6 5. Be2 Nf6 6. Nxc6 bxc6 7. Bf3 Ba6 8.
Nd2 Qa5 9. c3 Qe5 10. Qa4 Bb5 11. Qd4 Qxd4 12. cxd4 Bb4 13. a3 Ba5 14. b4 Bb6
15. Bb2 d5 16. e5 Nd7 17. Be2 Bxe2 18. Kxe2 a5 19. Rhc1 Rc8 20. Rc2 O-O 21.
Rac1 Nb8 22. bxa5 Bxa5 23. Nb3 Bd8 24. Nc5 Bg5 25. Ra1 Rfe8 26. Bc1 Be7 27. Nd3
Na6 28. Bd2 f6 29. f4 c5 30. dxc5 Rc6 31. Bb4 Rb8 32. Rac1 f5 33. h3 h5 34. g3
Kf7 35. Ke3 g5 36. Kd4 Nc7 37. Ke3 Rg8 38. Kf3 Nb5 39. Rb2 gxf4 40. gxf4 Bh4
41. Be1 Bxe1 42. Rxe1 Nxa3 43. Rb7+ Kf8 44. Rb8+ Kf7 45. Rxg8 Kxg8 46. Rg1+ Kh7
47. Ra1 Nc4 48. Ra7+ Kg6 49. Ra4 Nd2+ 50. Ke2 Ne4 51. Ra8 Nxc5 52. Nb4 Rb6 53.
Nd3 Ne4 54. Rg8+ Kh7 55. Re8 Ra6 56. Re7+ Kg6 57. Re8 Kf7 58. Rh8 Ra2+ 59. Kd1
Rd2+ 60. Kc1 Rxd3 0-1

[Event "Open SSM B Agosto"]
[Site "Milano ITA"]
[Date "2014.07.29"]
[Round "1"]
[White "Rigotti, Gianluigi"]
[Black "Libutti, Michele"]
[WhiteElo "1606"]
[BlackElo "1736"]
[Result "1-0"]
[PlyCount "56"]
[EventDate "2014.07.29"]

1. e4 c6 2. d4 d5 3. e5 Bf5 4. Nf3 e6 5. Bd3 Ne7 6. O-O Bxd3 7. Qxd3 Nf5 8. c3
Be7 9. Nbd2 O-O 10. b4 Nd7 11. Nb3 b6 12. a4 c5 13. bxc5 bxc5 14. dxc5 Qc7 15.
Re1 Rab8 16. c6 Rxb3 17. cxd7 Rxc3 18. Qb5 Rd8 19. Bd2 Rc5 20. Rac1 Rxd7 21.
Rxc5 Bxc5 22. Rc1 Bxf2+ 23. Kxf2 Qd8 24. Qc6 h6 25. Qc8 Qxc8 26. Rxc8+ Kh7 27.
a5 Rb7 28. a6 Rb6 1-0

[Event "Open SSM B Agosto"]
[Site "Milano ITA"]
[Date "2014.07.30"]
[Round "2"]
[White "Bertora, Silvano"]
[Black "Deiana, Giacomo"]
[WhiteElo "1596"]
[BlackElo "1673"]
[Result "1/2-1/2"]
[PlyCount "69"]
[EventDate "2014.07.29"]

1. e4 g6 2. d4 Bg7 3. Nf3 c5 4. c3 cxd4 5. cxd4 d5 6. e5 Nc6 7. Nc3 e6 8. a3
Bd7 9. b4 a6 10. Be3 Nge7 11. b5 axb5 12. Nxb5 Nf5 13. Qd2 O-O 14. Bg5 Qa5 15.
g4 Qxd2+ 16. Bxd2 Nh6 17. Bxh6 Bxh6 18. g5 Bg7 19. Nd6 Na5 20. Nd2 Bc6 21. Bb5
Bxb5 22. Nxb5 Rfc8 23. Ke2 Bf8 24. h4 Nc4 25. Nxc4 Rxc4 26. h5 Rc2+ 27. Ke3
Rac8 28. f4 Rb2 29. a4 Rcc2 30. Rad1 Re2+ 31. Kd3 Bb4 32. Nc3 Rg2 33. Rh3 Rgc2
34. Nb1 Ra2 35. Nc3 1/2-1/2

[Event "Open SSM B Agosto"]
[Site "Milano ITA"]
[Date "2014.07.30"]
[Round "2"]
[White "Biava, Pierluigi"]
[Black "Mingolla, Patrizio"]
[WhiteElo "1613"]
[BlackElo "1615"]
[Result "1-0"]
[PlyCount "51"]
[EventDate "2014.07.29"]

1. Nf3 d5 2. d4 c6 3. c4 e6 4. g3 Nf6 5. Nc3 Be7 6. Bg2 dxc4 7. Ne5 O-O 8. O-O
Nbd7 9. Nxc4 Nb6 10. Ne5 Bd6 11. f4 Nbd5 12. e4 Nxc3 13. bxc3 Bc7 14. Ba3 Re8
15. Qb3 Bb6 16. Rad1 Qc7 17. Kh1 Rd8 18. g4 a5 19. Rb1 Ba7 20. Qd1 b5 21. g5 b4
22. gxf6 bxa3 23. Qg4 g6 24. Qg5 Kh8 25. Qh6 Rg8 26. Rf3 1-0

[Event "Open SSM B Agosto"]
[Site "Milano ITA"]
[Date "2014.07.30"]
[Round "2"]
[White "Casamassima, Paolo"]
[Black "Fantina, Carla"]
[WhiteElo "1671"]
[BlackElo "1399"]
[Result "1-0"]
[PlyCount "91"]
[EventDate "2014.07.29"]

1. d4 Nf6 2. c4 g6 3. g3 Bg7 4. Bg2 c6 5. Nc3 O-O 6. e4 d6 7. Nf3 Nbd7 8. O-O
Nb6 9. b3 Rb8 10. Re1 d5 11. e5 Ne8 12. c5 Nd7 13. b4 Nc7 14. a4 a6 15. a5 Ne6
16. Bh3 h6 17. Be3 Kh7 18. Qd2 Rh8 19. Qd3 Ndf8 20. Bg2 Bd7 21. Nh4 Qc8 22. Na4
Nc7 23. Nb6 Qd8 24. f4 e6 25. Nf3 Na8 26. Na4 f5 27. exf6 Qxf6 28. Ne5 Qf5 29.
Qe2 Bxe5 30. fxe5 Qf7 31. Rf1 Qe8 32. Rf6 g5 33. Raf1 Ng6 34. Qd3 Rg8 35. h4
gxh4 36. gxh4 h5 37. Bg5 Kh8 38. Qf3 Rg7 39. Qxh5+ Kg8 40. Nc3 Nc7 41. Qg4 Nb5
42. Nxb5 cxb5 43. h5 Nxe5 44. dxe5 Qe7 45. h6 Rf7 46. Rg6+ 1-0

[Event "Open SSM B Agosto"]
[Site "Milano ITA"]
[Date "2014.07.30"]
[Round "2"]
[White "Ceraulo, Carlo Alberto"]
[Black "Carito, Riccardo"]
[WhiteElo "1516"]
[BlackElo "1732"]
[Result "0-1"]
[PlyCount "50"]
[EventDate "2014.07.29"]

1. d4 Nf6 2. c4 g6 3. Nc3 d5 4. e3 Bg7 5. b3 O-O 6. Nf3 c6 7. cxd5 Nxd5 8. Nxd5
Qxd5 9. Bc4 Qd6 10. O-O Be6 11. Be2 Nd7 12. Bb2 Nf6 13. Ne5 Nd7 14. Nxd7 Bxd7
15. Rc1 Rac8 16. Qd2 e5 17. Rfd1 e4 18. Rc2 Be6 19. Qc1 Qd7 20. d5 cxd5 21.
Bxg7 Kxg7 22. Bc4 Qc6 23. Bxd5 Qxc2 24. Qa1+ Kg8 25. Bxb7 Rc7 0-1

[Event "Open SSM B Agosto"]
[Site "Milano ITA"]
[Date "2014.07.30"]
[Round "2"]
[White "Colica, Daniele"]
[Black "Rigotti, Gianluigi"]
[WhiteElo "1716"]
[BlackElo "1606"]
[Result "1/2-1/2"]
[PlyCount "84"]
[EventDate "2014.07.29"]

1. e4 e5 2. Nf3 Nc6 3. d4 exd4 4. Nxd4 Qf6 5. Be3 d6 6. Nc3 Bd7 7. Nd5 Qd8 8.
Be2 Nf6 9. Nc3 a6 10. O-O Be7 11. f4 b5 12. Bf3 b4 13. Nce2 Nxd4 14. Nxd4 c5
15. Nf5 Bxf5 16. exf5 Ra7 17. Bc6+ Nd7 18. Qe2 O-O 19. Rad1 Qc8 20. Bf3 Re8 21.
Qd2 Nb6 22. Be2 d5 23. c3 a5 24. cxb4 axb4 25. b3 Bf6 26. Bf3 Rae7 27. Bf2 Bc3
28. Qc2 d4 29. f6 gxf6 30. Bh4 Qe6 31. f5 Qe3+ 32. Kh1 Qh6 33. Bg3 Ra7 34. Bd6
Nd7 35. Bc6 Rc8 36. Bf4 Qg7 37. Rf3 Kh8 38. Rg3 Qf8 39. Qc1 Rxa2 40. Bh6 Ra1
41. Bxf8 Rxc1 42. Bg7+ Kg8 1/2-1/2

[Event "Open SSM B Agosto"]
[Site "Milano ITA"]
[Date "2014.07.30"]
[Round "2"]
[White "Confalonieri, Luca"]
[Black "Frignani, Alessandro"]
[WhiteElo "1630"]
[BlackElo "1470"]
[Result "0-1"]
[PlyCount "100"]
[EventDate "2014.07.29"]

1. e4 e5 2. Nf3 Qf6 3. Nc3 c6 4. Bc4 Bc5 5. O-O Ne7 6. d3 h6 7. Be3 Bb6 8. d4
exd4 9. Bxd4 Bxd4 10. Nxd4 O-O 11. Qd3 d6 12. Rae1 Qg6 13. Nce2 Nd7 14. Nf5
Nxf5 15. exf5 Qf6 16. Nd4 Ne5 17. Qc3 Nxc4 18. Qxc4 d5 19. Qd3 Bd7 20. b3 Rfd8
21. Re2 c5 22. Nb5 Bxf5 23. Qf3 Be4 24. Qxf6 gxf6 25. f3 Bf5 26. Rd1 d4 27.
Red2 Rd7 28. g4 Be6 29. c3 a6 30. Na3 Rad8 31. cxd4 Rxd4 32. Rxd4 Rxd4 33. Rxd4
cxd4 34. Kf2 f5 35. h3 fxg4 36. hxg4 f5 37. Nc2 fxg4 38. Nxd4 Bd7 39. fxg4 Bxg4
40. Kg3 h5 41. Kh4 Kf7 42. Kg5 Ke7 43. Nc2 Kd6 44. b4 Kd5 45. a3 Kc4 46. Ne1
Kb3 47. Nd3 Kxa3 48. Nc5 Kxb4 49. Nxb7 a5 50. Nxa5 Kxa5 0-1

[Event "Open SSM B Agosto"]
[Site "Milano ITA"]
[Date "2014.07.30"]
[Round "2"]
[White "Figini, Vittorio"]
[Black "Conta, Diego"]
[WhiteElo "1446"]
[BlackElo "1669"]
[Result "0-1"]
[PlyCount "50"]
[EventDate "2014.07.29"]

1. e4 e6 2. d4 d5 3. exd5 exd5 4. Nf3 Nf6 5. h3 h6 6. Be3 Bd6 7. Nc3 Nc6 8. a3
O-O 9. Bd3 Re8 10. O-O a6 11. Re1 Be6 12. Qd2 Bf8 13. Ne2 Ne4 14. Bxe4 dxe4 15.
Nh2 g5 16. Kh1 f5 17. f4 exf3 18. gxf3 f4 19. Nxf4 gxf4 20. Rg1+ Bg7 21. Bxf4
Qxd4 22. Qg2 Qf6 23. Rae1 Bxh3 24. Qxh3 Rxe1 25. Rxe1 Qxf4 0-1

[Event "Open SSM B Agosto"]
[Site "Milano ITA"]
[Date "2014.07.30"]
[Round "2"]
[White "Libutti, Michele"]
[Black "Pipitone, Filippo Massimo"]
[WhiteElo "1736"]
[BlackElo "1567"]
[Result "1-0"]
[PlyCount "61"]
[EventDate "2014.07.29"]

1. d4 d5 2. c4 e6 3. Nc3 Nf6 4. Bg5 c6 5. e3 Nbd7 6. Nf3 Qa5 7. Nd2 Bb4 8. Qc2
O-O 9. Nb3 Qd8 10. Bd3 h6 11. Bh4 dxc4 12. Bxc4 b5 13. Bd3 Bb7 14. O-O a6 15.
Ne4 Be7 16. Nec5 Nxc5 17. Nxc5 Qc7 18. Bg3 Qb6 19. b4 Rfd8 20. a3 a5 21. Rac1
Bxc5 22. bxc5 Qa7 23. Ra1 Rac8 24. Bh4 Ba8 25. Qe2 Rd5 26. f4 Ne8 27. Be4 Rd7
28. f5 Nc7 29. Qg4 Kf8 30. fxe6 Nxe6 31. Qxe6 1-0

[Event "Open SSM B Agosto"]
[Site "Milano ITA"]
[Date "2014.07.30"]
[Round "2"]
[White "Ruggeri, Igor"]
[Black "Pollio, Ciro"]
[WhiteElo "1581"]
[BlackElo "1757"]
[Result "0-1"]
[PlyCount "88"]
[EventDate "2014.07.29"]

1. d4 d5 2. c4 e6 3. Nc3 dxc4 4. e3 a6 5. a4 c5 6. Bxc4 Nf6 7. Nf3 Nc6 8. O-O
Be7 9. dxc5 Qxd1 10. Rxd1 Bxc5 11. Nd4 Ne5 12. Be2 Bd7 13. Nf3 Nc6 14. b3 Rc8
15. Ba3 Bxa3 16. Rxa3 Nb4 17. Bc4 Ke7 18. Raa1 b5 19. axb5 axb5 20. Nxb5 Rb8
21. Nbd4 Ne4 22. Ne5 Be8 23. Ra7+ Kf6 24. Ng4+ Kg6 25. Nf3 h5 26. Nge5+ Kf6 27.
Nd7+ Bxd7 28. Rdxd7 Rhf8 29. h3 g5 30. Ra5 g4 31. hxg4 hxg4 32. Ne5 g3 33. Ng4+
Kg6 34. Re5 gxf2+ 35. Nxf2 Nxf2 36. Kxf2 Ra8 37. Rb5 Ra2+ 38. Kf3 Nc6 39. Rdb7
Kf6 40. Be2 Ne5+ 41. Rxe5 Kxe5 42. b4 Rc8 43. Rxf7 Rcc2 44. Bf1 Rf2+ 0-1

[Event "Open SSM B Agosto"]
[Site "Milano ITA"]
[Date "2014.07.30"]
[Round "2"]
[White "Scovazzi, Tullio"]
[Black "Aloe, Giancarlo"]
[WhiteElo "1662"]
[BlackElo "1708"]
[Result "1/2-1/2"]
[PlyCount "102"]
[EventDate "2014.07.29"]

1. e4 c5 2. d4 cxd4 3. c3 dxc3 4. Nxc3 Nc6 5. Nf3 e6 6. Bc4 Nf6 7. O-O a6 8.
Qe2 Qc7 9. Be3 Be7 10. Rac1 O-O 11. Bb3 Qa5 12. Rfd1 Ng4 13. Bd2 Qh5 14. h3
Nge5 15. Nxe5 Qxe5 16. Be3 Bg5 17. Bxg5 Qxg5 18. Na4 b5 19. Nc5 Na5 20. Qe1
Nxb3 21. Nxb3 d5 22. exd5 exd5 23. Rc3 Be6 24. Nd4 Rfe8 25. Rg3 Qh5 26. Qd2 Bd7
27. Rg5 Qh6 28. Rxd5 Qxd2 29. Rxd2 Be6 30. Nxe6 Rxe6 31. Kf1 Kf8 32. Rd8+ Rxd8
33. Rxd8+ Ke7 34. Rd2 Kf6 35. Re2 Re5 36. Ke1 h5 37. h4 Kf5 38. g3 a5 39. Rxe5+
Kxe5 40. Ke2 Ke4 41. f3+ Kd4 42. Kd2 f5 43. Ke2 b4 44. Kd2 a4 45. Ke2 Kc4 46.
Kd2 Kd4 47. Ke2 a3 48. bxa3 bxa3 49. Kd2 Kc4 50. Kc2 g6 51. f4 Kd4 1/2-1/2

[Event "Open SSM B Agosto"]
[Site "Milano ITA"]
[Date "2014.07.30"]
[Round "2"]
[White "Vece, Luigi"]
[Black "Madaschi, Sergio"]
[WhiteElo "1641"]
[BlackElo "1487"]
[Result "1-0"]
[PlyCount "39"]
[EventDate "2014.07.29"]

1. e4 c5 2. Nf3 d6 3. d4 cxd4 4. Nxd4 Nf6 5. Nc3 a6 6. Bd3 Qc7 7. O-O e5 8. Nf5
Bxf5 9. exf5 Nc6 10. Bg5 Be7 11. Re1 O-O 12. Qf3 Rac8 13. Rad1 Nd4 14. Qg3 Qd7
15. Bxf6 Bxf6 16. Nd5 Qd8 17. c3 Nc6 18. Bb1 Be7 19. Qd3 Na7 20. f6 1-0

[Event "Open SSM B Agosto"]
[Site "Milano ITA"]
[Date "2014.07.30"]
[Round "2"]
[White "Verderame, Alberto"]
[Black "Lanaspa Ballesteros, Federico"]
[WhiteElo "1481"]
[BlackElo "1585"]
[Result "0-1"]
[PlyCount "60"]
[EventDate "2014.07.29"]

1. Nf3 Nf6 2. d4 c5 3. e3 e6 4. b3 cxd4 5. exd4 Bb4+ 6. c3 Be7 7. Bd3 Nc6 8.
Bb2 d6 9. O-O a6 10. Nbd2 b5 11. a3 Bb7 12. c4 b4 13. d5 exd5 14. cxd5 Ne5 15.
Nxe5 dxe5 16. Bxe5 Qxd5 17. Nf3 Ng4 18. Bf5 Qxd1 19. Raxd1 Bxf3 20. Bxg7 Bxd1
21. Bxh8 Rd8 22. axb4 Nf6 23. Re1 Kf8 24. Bxf6 Bxf6 25. Bxh7 Bxb3 26. g4 Rd1
27. Rxd1 Bxd1 28. h3 Be2 29. Kg2 Bc3 30. Kg3 Bxb4 0-1

[Event "Open SSM B Agosto"]
[Site "Milano ITA"]
[Date "2014.07.31"]
[Round "3"]
[White "Aloe, Giancarlo"]
[Black "Biava, Pierluigi"]
[WhiteElo "1708"]
[BlackElo "1613"]
[Result "1-0"]
[PlyCount "61"]
[EventDate "2014.07.29"]

1. d4 Nf6 2. Nf3 e6 3. g3 b6 4. Bg2 Bb7 5. O-O c5 6. e3 Nc6 7. c4 Qc7 8. b3
cxd4 9. exd4 Be7 10. Bb2 O-O 11. Nbd2 d5 12. a3 Rfd8 13. Rc1 Rac8 14. cxd5 Nxd5
15. Ne5 Qb8 16. Qf3 Bf6 17. Ndc4 b5 18. Nxc6 Bxc6 19. Ne5 Qd6 20. Qh5 Be8 21.
Ng4 Be7 22. Qe5 f5 23. Qxd6 Bxd6 24. Ne3 Nf6 25. d5 f4 26. Bxf6 Rxc1 27. Bxd8
Rxf1+ 28. Nxf1 fxg3 29. Nxg3 Bf7 30. dxe6 Bxe6 31. b4 1-0

[Event "Open SSM B Agosto"]
[Site "Milano ITA"]
[Date "2014.07.31"]
[Round "3"]
[White "Conta, Diego"]
[Black "Botta, Massimiliano"]
[WhiteElo "1669"]
[BlackElo "1702"]
[Result "0-1"]
[PlyCount "50"]
[EventDate "2014.07.29"]

1. e4 c5 2. Nf3 d6 3. d4 cxd4 4. Nxd4 Nf6 5. Nc3 a6 6. Be2 e5 7. Nf3 b5 8. a3
Bb7 9. Bd3 Nbd7 10. b4 Rc8 11. Bb2 Nb6 12. O-O Nc4 13. Bc1 Be7 14. Re1 O-O 15.
Nd5 Nxd5 16. exd5 f5 17. Bxc4 Rxc4 18. Bb2 Qa8 19. Nd2 Rg4 20. f3 Rg6 21. c4
bxc4 22. Nxc4 Bd8 23. Ne3 f4 24. Ng4 Bxd5 25. Kh1 Rxg4 0-1

[Event "Open SSM B Agosto"]
[Site "Milano ITA"]
[Date "2014.07.31"]
[Round "3"]
[White "Deiana, Giacomo"]
[Black "Colica, Daniele"]
[WhiteElo "1673"]
[BlackElo "1716"]
[Result "0-1"]
[PlyCount "94"]
[EventDate "2014.07.29"]

1. c4 d5 2. cxd5 Nf6 3. Nf3 Nxd5 4. g3 Nc6 5. Bg2 e5 6. Nc3 Be6 7. O-O Be7 8.
Nxd5 Bxd5 9. d3 O-O 10. Bd2 f5 11. Bc3 Bf6 12. Qc2 Nd4 13. Bxd4 exd4 14. Rac1
c6 15. e4 dxe3 16. fxe3 Qb6 17. d4 Rae8 18. Rfe1 Bxa2 19. b4 Bd5 20. Qc5 Qxc5
21. bxc5 b5 22. cxb6 axb6 23. Ne5 Bxe5 24. Bxd5+ cxd5 25. dxe5 Rxe5 26. Rc6 Rb8
27. Kf2 Rb7 28. Ra1 Kf7 29. Ra8 Re6 30. Rcc8 b5 31. Kf3 b4 32. Rab8 Reb6 33.
Rc7+ Rxc7 34. Rxb6 Rc4 35. h4 Ke7 36. h5 Kd7 37. Rb7+ Kc6 38. Rb8 Kc5 39. Rb7
d4 40. exd4+ Kxd4 41. Rxg7 b3 42. Rxh7 b2 43. Rb7 Kc3 44. h6 Kc2 45. h7 Rc8 46.
Rc7+ Rxc7 47. h8=Q b1=Q 0-1

[Event "Open SSM B Agosto"]
[Site "Milano ITA"]
[Date "2014.07.31"]
[Round "3"]
[White "Fantina, Carla"]
[Black "Vece, Luigi"]
[WhiteElo "1399"]
[BlackElo "1641"]
[Result "0-1"]
[PlyCount "56"]
[EventDate "2014.07.29"]

1. c4 Nf6 2. Nf3 e6 3. g3 b6 4. Bg2 Bb7 5. O-O d6 6. d4 Be7 7. Nc3 O-O 8. Re1
Nbd7 9. e4 e5 10. dxe5 Nxe5 11. Nxe5 dxe5 12. Nd5 Nxd5 13. exd5 Bd6 14. Be3 f5
15. Qc1 f4 16. Bd2 Qf6 17. f3 fxg3 18. hxg3 Qg6 19. g4 h5 20. Qb1 Qf7 21. Re4
c6 22. Qd3 cxd5 23. cxd5 Bxd5 24. Ree1 Bc5+ 25. Kh2 hxg4 26. fxg4 Bxg2 27. Be3
Bxe3 28. Qxe3 Qf3 0-1

[Event "Open SSM B Agosto"]
[Site "Milano ITA"]
[Date "2014.07.31"]
[Round "3"]
[White "Frignani, Alessandro"]
[Black "Gonella, Graziano"]
[WhiteElo "1470"]
[BlackElo "1156"]
[Result "1-0"]
[PlyCount "115"]
[EventDate "2014.07.29"]

1. e4 e5 2. Bc4 Be7 3. Qf3 Nf6 4. Qb3 O-O 5. Qf3 Nc6 6. Ne2 d6 7. h3 a6 8. a4
Na5 9. Ba2 b6 10. d3 Bb7 11. Nbc3 Nc6 12. Nd5 Nxd5 13. Bxd5 Ra7 14. Qg3 Nb4 15.
Bb3 Bh4 16. Qg4 Bc8 17. Qf3 Be6 18. c3 Bxb3 19. cxb4 Qd7 20. Nc3 Be6 21. Be3 f5
22. Qh5 Bf6 23. Qe2 f4 24. Bd2 c6 25. Qd1 d5 26. f3 Bh4+ 27. Kf1 Qe7 28. Ne2
Qg5 29. Be1 Rd7 30. Bxh4 Qxh4 31. Qe1 Qf6 32. Qc3 Rc7 33. d4 exd4 34. Qxd4 dxe4
35. Qxf6 Rxf6 36. fxe4 f3 37. gxf3 Rxf3+ 38. Kg2 Rb3 39. Nd4 Rxb2+ 40. Kg3 Bd7
41. Rhb1 Rd2 42. Rd1 Rb2 43. Rab1 Ra2 44. Ra1 Rb2 45. Rdb1 Rxb1 46. Rxb1 c5 47.
bxc5 bxc5 48. Rc1 c4 49. a5 Rc5 50. h4 Kf7 51. Kf4 Bc8 52. e5 g6 53. Re1 Rxa5
54. e6+ Ke8 55. Rb1 Rh5 56. Rb8 Rxh4+ 57. Ke5 Rh5+ 58. Kd6 1-0

[Event "Open SSM B Agosto"]
[Site "Milano ITA"]
[Date "2014.07.31"]
[Round "3"]
[White "Lanaspa Ballesteros, Federico"]
[Black "Figini, Vittorio"]
[WhiteElo "1585"]
[BlackElo "1446"]
[Result "0-1"]
[PlyCount "74"]
[EventDate "2014.07.29"]

1. d4 Nf6 2. c4 e6 3. Nc3 b6 4. Nf3 Bb7 5. e3 Be7 6. Bd3 d5 7. cxd5 Nxd5 8. O-O
O-O 9. e4 Nb4 10. Bb1 c5 11. a3 N4a6 12. d5 exd5 13. exd5 Nc7 14. Qd3 g6 15.
Bh6 Re8 16. Rd1 Bd6 17. Ne4 f6 18. Ba2 b5 19. Nxd6 Qxd6 20. g3 Nd7 21. Bf4 Ne5
22. Nxe5 fxe5 23. Bh6 c4 24. Qe4 Bxd5 25. Qe2 Qe6 26. Be3 Rf8 27. Qf1 Rf3 28.
Rac1 a6 29. Bb1 Raf8 30. Rc3 h5 31. b3 h4 32. bxc4 bxc4 33. Be4 Bxe4 34. Rxc4
Rxe3 35. Rxc7 hxg3 36. hxg3 Rxg3+ 37. Kh2 Rg2+ 0-1

[Event "Open SSM B Agosto"]
[Site "Milano ITA"]
[Date "2014.07.31"]
[Round "3"]
[White "Madaschi, Sergio"]
[Black "Ruggeri, Igor"]
[WhiteElo "1487"]
[BlackElo "1581"]
[Result "1/2-1/2"]
[PlyCount "116"]
[EventDate "2014.07.29"]

1. e4 c5 2. Nf3 d6 3. d4 cxd4 4. Nxd4 Nf6 5. Nc3 e6 6. g4 Be7 7. h4 h6 8. g5
hxg5 9. Bxg5 Nh7 10. Bxe7 Qxe7 11. Bg2 Na6 12. Qd2 Bd7 13. O-O-O O-O-O 14. Ndb5
Kb8 15. Qxd6+ Qxd6 16. Nxd6 Rhf8 17. e5 Bc6 18. Bxc6 bxc6 19. Rhg1 g6 20. Rg4
Rd7 21. Ra4 Nc5 22. Rb4+ Kc7 23. Nce4 Nxe4 24. Rxe4 f6 25. f4 fxe5 26. fxe5 Rb8
27. Red4 Rg7 28. Ne4 Rf8 29. Rd6 Rf4 30. Nc5 Nf8 31. Nxe6+ Nxe6 32. Rxe6 Rxh4
33. Rg1 g5 34. Rf6 Re4 35. e6 Kd6 36. Rf7 Rg6 37. Rxa7 Rexe6 38. Ra4 Re5 39.
Rag4 Ke6 40. a4 Kf5 41. Kd2 Re4 42. Rxe4 Kxe4 43. Ke2 Kf4 44. Kf2 g4 45. Rg3
Rh6 46. Kg2 Rd6 47. Rd3 Re6 48. Rd4+ Kg5 49. Rd2 Kf4 50. Rf2+ Kg5 51. b3 Re1
52. Rd2 Re3 53. Rf2 Re1 54. a5 Ra1 55. b4 Kh4 56. Rd2 Ra2 57. Rd4 c5 58. bxc5
Rxa5 1/2-1/2

[Event "Open SSM B Agosto"]
[Site "Milano ITA"]
[Date "2014.07.31"]
[Round "3"]
[White "Mingolla, Patrizio"]
[Black "Vigliaroli, Matteo Luigi"]
[WhiteElo "1615"]
[BlackElo "1646"]
[Result "1/2-1/2"]
[PlyCount "63"]
[EventDate "2014.07.29"]

1. e4 e6 2. d4 d5 3. exd5 exd5 4. Nf3 Nf6 5. Bd3 Bd6 6. c3 O-O 7. O-O Bg4 8.
Nbd2 c6 9. Qc2 Qc7 10. Re1 Nbd7 11. h3 Bh5 12. g4 Bg6 13. Bxg6 hxg6 14. Kg2
Rfe8 15. Qd1 Rxe1 16. Qxe1 Re8 17. Qf1 Nf8 18. Nb3 Ne6 19. Be3 Nf4+ 20. Bxf4
Bxf4 21. Re1 Ne4 22. Nc5 f5 23. g5 Re7 24. h4 Qd8 25. Nd3 Bd6 26. Nde5 Qe8 27.
Kh1 Nc5 28. Nxg6 Qxg6 29. Rxe7 Bxe7 30. dxc5 Bxc5 31. Ne5 Qe6 32. f4 1/2-1/2

[Event "Open SSM B Agosto"]
[Site "Milano ITA"]
[Date "2014.07.31"]
[Round "3"]
[White "Pipitone, Filippo Massimo"]
[Black "Verderame, Alberto"]
[WhiteElo "1567"]
[BlackElo "1481"]
[Result "1-0"]
[PlyCount "55"]
[EventDate "2014.07.29"]

1. d4 c6 2. c4 d5 3. Nc3 Nf6 4. Nf3 e6 5. e3 Nbd7 6. Bd3 dxc4 7. Bxc4 b5 8. Bd3
b4 9. Ne2 a5 10. O-O c5 11. Bb5 Qb6 12. Qa4 Bd6 13. Ne5 Bxe5 14. dxe5 Nd5 15.
e4 Nc7 16. Bc6 Ra6 17. Bxd7+ Bxd7 18. Qc2 O-O 19. Rd1 Bc6 20. Be3 Qb7 21. Ng3
c4 22. Qxc4 a4 23. Rac1 b3 24. a3 Kh8 25. Rd6 Bxe4 26. Qxe4 Qxe4 27. Nxe4 Rxd6
28. exd6 1-0

[Event "Open SSM B Agosto"]
[Site "Milano ITA"]
[Date "2014.07.31"]
[Round "3"]
[White "Poletto, Daniele"]
[Black "Casamassima, Paolo"]
[WhiteElo "1738"]
[BlackElo "1671"]
[Result "1-0"]
[PlyCount "65"]
[EventDate "2014.07.29"]

1. c4 Nf6 2. Nc3 g6 3. g3 c6 4. Bg2 Bg7 5. e4 d6 6. Nge2 O-O 7. O-O e5 8. d3
Be6 9. h3 Na6 10. Be3 Qc8 11. Kh2 Nd7 12. Qd2 f5 13. Bh6 Ndc5 14. Bxg7 Kxg7 15.
exf5 Bxf5 16. d4 Nd7 17. dxe5 dxe5 18. Ne4 Bxe4 19. Bxe4 Nf6 20. Bg2 Qc7 21.
Qc3 Nc5 22. Qe3 b6 23. b4 Ncd7 24. b5 Nb8 25. Nc3 a6 26. a4 Ra7 27. a5 c5 28.
axb6 Qxb6 29. Na4 Qe6 30. Qxc5 Raf7 31. Nb6 axb5 32. cxb5 Rc8 33. Nxc8 1-0

[Event "Open SSM B Agosto"]
[Site "Milano ITA"]
[Date "2014.07.31"]
[Round "3"]
[White "Rigotti, Gianluigi"]
[Black "Scovazzi, Tullio"]
[WhiteElo "1606"]
[BlackElo "1662"]
[Result "0-1"]
[PlyCount "58"]
[EventDate "2014.07.29"]

1. e4 e5 2. Nf3 Nc6 3. Bb5 a6 4. Ba4 Nf6 5. O-O Be7 6. c3 b5 7. Bc2 O-O 8. d4
d6 9. d5 Nb8 10. a4 Bb7 11. axb5 axb5 12. Rxa8 Bxa8 13. Bg5 Nxd5 14. exd5 Bxg5
15. Qd3 g6 16. Qxb5 c6 17. Qa4 Bb7 18. Qb4 Ba6 19. Rd1 Be2 20. Qe4 Bxd1 21.
Bxd1 c5 22. h4 Bh6 23. g4 f5 24. gxf5 Rxf5 25. Bc2 Rf4 26. Qe2 Qd7 27. Nxe5
dxe5 28. Qxe5 Rg4+ 29. Kf1 Qb5+ 0-1

[Event "Open SSM B Agosto"]
[Site "Milano ITA"]
[Date "2014.08.01"]
[Round "4"]
[White "Bertora, Silvano"]
[Black "Rigotti, Gianluigi"]
[WhiteElo "1596"]
[BlackElo "1606"]
[Result "1-0"]
[PlyCount "105"]
[EventDate "2014.07.29"]

1. e4 e5 2. Nf3 Nc6 3. Nc3 Nf6 4. Bb5 a6 5. Ba4 b5 6. Bb3 Na5 7. d3 d6 8. Nd5
Nxb3 9. Nxf6+ gxf6 10. cxb3 c5 11. h3 f5 12. exf5 Bxf5 13. Ng5 h6 14. Ne4 d5
15. Ng3 Bg6 16. O-O Bd6 17. Re1 Kd7 18. a3 h5 19. Ne2 f5 20. f4 d4 21. fxe5
Bxe5 22. Bf4 Re8 23. Qd2 Qc7 24. b4 Re6 25. bxc5 Qxc5 26. Rac1 Qd6 27. b4 Rae8
28. Rf1 h4 29. Rc5 Bh5 30. Bxe5 Rxe5 31. Nf4 Bf7 32. Rfc1 Rxc5 33. bxc5 Qc6 34.
Ne2 Qd5 35. c6+ Kc7 36. Nf4 Qe5 37. Qa5+ Kd6 38. Rf1 Qc5 39. c7 Rc8 40. Qxa6+
Kxc7 41. Qf6 Bb3 42. Ne2 Rf8 43. Qg7+ Rf7 44. Qh8 Kb6 45. Qb8+ Rb7 46. Qd8+ Ka7
47. Qa5+ Kb8 48. Rc1 Qe7 49. Re1 Qe3+ 50. Kh1 Bd5 51. Nf4 Bxg2+ 52. Nxg2 Qxh3+
53. Kg1 1-0